Länder mit den meisten NBA-Spielern jemals - Statistiken

Allgemein
  • Dieses Quiz wurde 1.272 mal gespielt
  • Das Durchschnittsergebnis liegt bei 22 aus 41
Antwortstatistiken
Anzahl Nation % Korrekt
4000+ USA
100%
21 Deutschland
99%
65 Kanada
98%
52 Frankreich
95%
20 Spanien
94%
8 China
84%
7 Mexiko
84%
33 Serbien
84%
20 Brasilien
82%
13 Russland
80%
6 Japan
79%
16 Argentinien
77%
13 Italien
75%
35 Australien
73%
15 Griechenland
70%
13 Slowenien
67%
13 Großbritannien
64%
5 Polen
64%
16 Türkei
61%
24 Kroatien
59%
16 Litauen
53%
8 Niederlande
53%
7 Lettland
51%
30 Nigeria
48%
10 Ukraine
47%
5 Tschechien
42%
7 Bosnien & Herzegowina
40%
7 Kamerun
37%
6 Dem. Rep. Kongo
27%
10 Montenegro
25%
14 Senegal
25%
9 Südsudan
25%
12 Jamaika
24%
12 Dom. Rep
19%
8 Bahamas
18%
6 Venezuela
17%
6 Israel
14%
5 Nordmazedonien
13%
20 Puerto Rico
12%
11 Georgien
10%
6 Libanon
3%
Keine übereinstimmenden Quizze gefunden
Verteilung der Resultate
Anzahl Personen mit jedem Resultat
Perzentil nach korrekt beantworteten Fragen
Ihre Resultats-Entwicklung
Sie haben dieses Quiz noch nicht gespielt